Guess the Taylor Swift Song (Speak Now TV) 1 - Statistics

General Stats
  • This quiz has been taken 10 times
  • The average score is 183 of 316
Answer Stats
Answer % Correct
I
100%
it
100%
time
100%
time,
100%
time)
100%
a
86%
All
86%
all
86%
an
86%
And
86%
and
86%
be
86%
for
86%
in
86%
In
86%
is
86%
It's
86%
know
86%
me
86%
mine
86%
my
86%
no
86%
the
86%
(The
86%
this
86%
to
86%
you
86%
back
71%
heart
71%
I'm
71%
love,
71%
of
71%
on
71%
one
71%
or
71%
Or
71%
see
71%
that
71%
with
71%
your
71%
break
57%
could
57%
ever
57%
first
57%
forever
57%
Just
57%
just
57%
(Just
57%
like
57%
look
57%
not
57%
now,
57%
want
57%
was
57%
been
43%
bring
43%
Cause
43%
electric
43%
every
43%
feelin'
43%
get
43%
got
43%
Got
43%
heat
43%
need
43%
oh
43%
okay
43%
out
43%
Still
43%
Still,
43%
things
43%
touch
43%
touch,
43%
two
43%
up
43%
wanna
43%
breathe,
29%
car's
29%
driveway
29%
eight
29%
either
29%
fell
29%
fill
29%
five
29%
ghost
29%
goin'
29%
hangin'
29%
hard
29%
headlights
29%
hour
29%
it'll
29%
I've
29%
left
29%
life
29%
lost
29%
Maybe
29%
maybe
29%
relax,
29%
right
29%
right)
29%
space
29%
thinking
29%
til
29%
town
29%
tried
29%
tryin'
29%
used
29%
won't
29%
accustomed
14%
align
14%
alone
14%
along
14%
apart
14%
badly
14%
burn
14%
call
14%
callin'
14%
decide
14%
ending
14%
fire
14%
gotten
14%
grown
14%
history
14%
hoping
14%
mmm
14%
moment's
14%
money
14%
phone
14%
pining
14%
rain
14%
sadly
14%
sleepin'
14%
stars
14%
stories
14%
string
14%
takes
14%
tonight
14%
trying
14%
while
14%
(Woah)
14%
No matching quizzes found
Score Distribution
Percent of People with Each Score
Percentile by Number Answered
Your Score History
You have not taken this quiz